Computers in business management : (Record no. 133387)

MARC details
000 -LEADER
fixed length control field 00685nam a22002177a 4500
005 - DATE AND TIME OF LATEST TRANSACTION
control field 20170124110208.0
010 ## - LIBRARY OF CONGRESS CONTROL NUMBER
LC control number B-220159
020 ## - INTERNATIONAL STANDARD BOOK NUMBER
Terms of availability 195.00
International Standard Book Number 8183331211
035 ## - SYSTEM CONTROL NUMBER
System control number B-220159
037 ## - SOURCE OF ACQUISITION
Source of stock number/acquisition Cen Lib/Ret
040 ## - CATALOGING SOURCE
Original cataloging agency DPL
Language of cataloging EN
082 ## - DEWEY DECIMAL CLASSIFICATION NUMBER
Classification number 658.05419
Item number JAI
100 ## - MAIN ENTRY--PERSONAL NAME
Personal name Jain, Satish
9 (RLIN) 37803
245 ## - TITLE STATEMENT
Title Computers in business management :
Statement of responsibility, etc by Satish Jain
Remainder of title principles and practices /
260 ## - PUBLICATION, DISTRIBUTION, ETC. (IMPRINT)
Place of publication, distribution, etc New Delhi
Name of publisher, distributor, etc BPB Publications
Date of publication, distribution, etc 2006
270 ## - ADDRESS
Address B-14, Connaught Place
City New Delhi
Postal code 110001
300 ## - PHYSICAL DESCRIPTION
Extent xxvii, 502p.
Dimensions 24cm(pbk)
650 ## - SUBJECT ADDED ENTRY--TOPICAL TERM
Topical term or geographic name as entry element Business studies
9 (RLIN) 114547
650 ## - SUBJECT ADDED ENTRY--TOPICAL TERM
Topical term or geographic name as entry element Business management
9 (RLIN) 114548
942 ## - ADDED ENTRY ELEMENTS (KOHA)
Source of classification or shelving scheme Dewey Decimal Classification
Koha item type English Books
Classification part 658.05419
Call number suffix JAI
Holdings
Withdrawn status Lost status Damaged status Not for loan Home library Current library Date acquired Source of acquisition Cost, normal purchase price Total Checkouts Total Renewals Full call number Barcode Date last seen Date checked out Copy number Cost, replacement price Price effective from Koha item type Source of classification or shelving scheme Collection code
        Central Library Central Library 25/07/2015 Cen Lib/Ret 195.00 1 1 658.05419 JAI B-220159 23/12/2019 18/11/2019 1 195.00 25/07/2015 English Books    
        Sarojini Nagar Sarojini Nagar 11/10/2018     1 1 658.05419 JAI B-220161 29/02/2020 01/02/2020     11/10/2018 English Books Dewey Decimal Classification Non-fiction

© Delhi Public Library
Hit Counter
free hit counter